00342nam a2200145Ia 4500008004100000084001300041100002100054245002600075250002000101260000900121260000900130260001200139300001000151500003500161180424s9999 xx 000 0 und d aT10 P149 a"Perinpan, Deva" 0aThamizhar Thaththuvam a\\200600ENGGPSX aNCBH b2006 cCHENNAI a172p. aincludes index and biblioraphy